Breads around the world by Images - Statistics

General Stats
  • This quiz has been taken 44 times
  • The average score is 6 of 16
Answer Stats
Picture Answer % Correct
Bagel
100%
Pretzel
98%
Baguette
90%
Naan
63%
Cornbread
58%
Focaccia
45%
Crumpet
43%
Challah
38%
Ciabatta
30%
Injera
23%
Babka
18%
Soda bread
13%
Anpan
5%
Khachapuri
5%
Barmbrack
3%
Bolani
3%
No matching quizzes found
Score Distribution
Percent of People with Each Score
Percentile by Number Answered
Your Score History
You have not taken this quiz